Guess the 1970s song lyrics #118 - Statistics

General Stats
  • This quiz has been taken 41 times
  • The average score is 146 of 273
Answer Stats
Answer % Correct
I
100%
a
95%
me
89%
in
87%
you
87%
the
84%
The
84%
be
82%
And
76%
love
76%
so
76%
we
76%
it
74%
for
71%
are
68%
Are
68%
Have
68%
no
68%
Oh
68%
oh
68%
some
68%
telephone
68%
time
68%
give
66%
how
66%
If
66%
say
66%
that
66%
what
66%
I'm
63%
line
63%
up
63%
Were
63%
why
63%
can't
61%
Hello
61%
not
61%
see
61%
all
58%
of
58%
Don't
55%
just
55%
night
53%
tell
53%
Yeah
53%
yeah
53%
been
50%
out
50%
ring
50%
stil
47%
Well
47%
did
45%
I'll
45%
nights
45%
days
42%
dream
42%
I'd
42%
let
42%
Let
42%
lonely
42%
real
42%
That's
42%
those
42%
you'd
42%
little
39%
look
39%
more
39%
pick
39%
things
39%
Doo
37%
doo
37%
everything
37%
feelin
37%
gonna
37%
into
37%
living
37%
same
37%
alright
34%
believe
34%
Through
34%
through
34%
wonder
34%
They've
32%
twilight
32%
faded
29%
Hey
29%
longer
29%
realize
29%
sky
29%
view
29%
Blue
26%
need
26%
Okay
26%
one's
26%
wah
26%
ain't
24%
answering
24%
black
24%
coming
24%
wop
24%
Ooh
21%
ooh
21%
forever
18%
sit
18%
tight
18%
true
18%
lang
13%
shadows
13%
planned
8%
twilight
3%
No matching quizzes found
Score Distribution
Percent of People with Each Score
Percentile by Number Answered
Your Score History
You have not taken this quiz